Zařízení pro automatisaci meziměstského telefonního provozu /

Hlavní autor: Novotný, Miroslav, 1924-1966
Jazyk: Čeština
Vydáno: Praha : Státní nakladatelství technické literatury, 1958
Vydání: 1. vyd.
Edice: Elektrotechnická minima
Externí odkaz: Digitalizovaný dokument
Fyzický popis: 162 s., obr. příl. : il.
Knihy
Uloženo v:
LEADER 01092nam a22002892a 4500
001 000974460
003 CZ BrMZK
005 20100421112929.0
007 ta
008 091102s1958 xr af er|||||||||||cze d
015 |a cnb000512821 
035 |a (OCoLC)85320390 
040 |a BOA001  |b cze 
100 1 |a Novotný, Miroslav,  |d 1924-1966  |7 jk01090757  |4 aut 
245 1 0 |a Zařízení pro automatisaci meziměstského telefonního provozu /  |c Miroslav Novotný 
250 |a 1. vyd. 
260 |a Praha :  |b Státní nakladatelství technické literatury,  |c 1958 
300 |a 162 s., obr. příl. :  |b il. 
490 1 |a Elektrotechnická minima ;  |v sv. 21 
504 |a Obsahuje bibliografii 
500 |a Dostupné též v digitální podobě v aplikaci Kramerius 
830 0 |a Elektrotechnická minima  |0 s 
856 4 1 |u http://www.digitalniknihovna.cz/mzk/uuid/uuid:d4032cd0-cef7-11e5-9ce1-005056827e51  |y Digitalizovaný dokument  |x NDK 
910 |a BOA001  |b 1-0395.188 
990 |a BK 
991 |b 200911 
996 6 |b 2619419913  |c 1-0395.188  |l MZK  |r Sklad / do 1 hodiny  |n 0  |w 000974460  |u 000010  |a 1  |e BOA001  |j MZK50  |s P